Personnage secondaire de code lyoko - Statistiques

Statistiques générales
  • Ce quiz a été pris 73 fois
  • Le résultat moyen est 7 sur 16
Statistiques - réponses
Par images Réponse % Correct
Jim
98%
Sisi
77%
Hiroki
65%
Emilie
50%
Yolande
50%
Samantha
42%
Johnny
40%
Matthias
40%
Rosa
38%
Théo
38%
Madame Hertz
33%
Patrick
29%
Taelia
25%
Pierre Nanquin
21%
James Finson
15%
Jean-Claude Tourcoing
12%
Aucun quiz correspondant
Distribution des résultats
% des personnes avec chaque résultat
Percentile par nombre de réponses
Votre historique - résultats
Vous n’avez pas pris ce quiz